[Event "Titled Tuesday intern op 23rd Jan Late"]
[Site "Chess.com INT"]
[Date "2024.01.23"]
[Round "4"]
[White "Wu, Derek"]
[Black "Mendez Machado, Andre"]
[Result "1-0"]
[WhiteElo "2255"]
[BlackElo "2146"]
[PlyCount "95"]
[EventDate "2024.01.23"]
[EventType "swiss (blitz)"]
[EventRounds "11"]
[EventCountry "USA"]
[SourceTitle "CB05_2024"]
[SourceDate "2024.01.31"]
[SourceVersion "1"]
[SourceVersionDate "2024.01.31"]
[SourceQuality "1"]

1. e4 e5 2. Nf3 Nc6 3. Bc4 Bc5 4. d3 Nf6 5. c3 d6 6. 0-0 a6 7. a4 Ba7 8. Re1 0-0 9. h3 Kh8 10. d4 Nxe4 11. Rxe4 d5 12. Nxe5 Nxe5 13. Rxe5 dxc4 14. Nd2 Be6 15. Nf3 c6 16. Ng5 Bd5 17. Qc2 f5 18. Rxf5 Bg8 19. Be3 h6 20. Rxf8 Qxf8 21. Nf3 Bh7 22. Qd2 Re8 23. Ne5 Bb8 24. Nxc4 b5 25. axb5 axb5 26. Ne5 Bxe5 27. dxe5 Rxe5 28. Bd4 Rd5 29. Ra7 c5 30. Bxg7+ Qxg7 31. Ra8+ Bg8 32. Qxd5 Qg5 33. Qxg5 hxg5 34. b4 cxb4 35. cxb4 Kg7 36. Rxg8+ Kxg8 37. g3 Kf7 38. h4 gxh4 39. gxh4 Kg6 40. Kg2 Kf5 41. Kg3 Ke4 42. Kg4 Kd4 43. h5 Kc4 44. h6 Kxb4 45. h7 Ka3 46. h8Q b4 47. Qa1+ Kb3 48. Qb1+ 1-0

[Event "Titled Tuesday intern op 16th Jan Early"]
[Site "Chess.com INT"]
[Date "2024.01.16"]
[Round "6"]
[White "Mendez Machado, Andre"]
[Black "Terzi, Alexei"]
[Result "0-1"]
[WhiteElo "2146"]
[BlackElo "2254"]
[PlyCount "72"]
[EventDate "2024.01.16"]
[EventType "swiss (blitz)"]
[EventRounds "11"]
[EventCountry "USA"]
[SourceTitle "CB04_2024"]
[SourceDate "2023.10.16"]
[SourceVersion "1"]
[SourceVersionDate "2023.10.16"]
[SourceQuality "1"]

1. e4 c5 2. Nc3 Nc6 3. Bb5 g6 4. Bxc6 bxc6 5. d3 Bg7 6. f4 d5 7. Nf3 dxe4 8. Nxe4 Qd5 9. 0-0 Nf6 10. c4 Qh5 11. Be3 Nxe4 12. dxe4 0-0 13. e5 Be6 14. Qe2 Bh6 15. Rae1 Rfe8 16. Nd2 Qxe2 17. Rxe2 Rab8 18. b3 Bf5 19. Ree1 Bd3 20. Rf2 Rb6 21. Bxc5 Ra6 22. a4 g5 23. f5 g4 24. g3 Bc2 25. Be3 Bxe3 26. Rxe3 Rd8 27. Rc3 Bd1 28. Nf1 Bf3 29. Nd2 Bd1 30. Nf1 Bf3 31. h3 h5 32. hxg4 Bxg4 33. Ne3 Rb6 34. Nxg4 hxg4 35. Rf4 Rdb8 36. Rxg4+ Kf8 0-1

[Event "Carlos Torre Memorial op 33rd"]
[Site "Merida"]
[Date "2023.12.18"]
[Round "8"]
[White "Rosales Campos, Paul"]
[Black "Mendez Machado, Andre"]
[Result "0-1"]
[WhiteElo "2087"]
[BlackElo "2163"]
[PlyCount "92"]
[EventDate "2023.12.15"]
[EventType "swiss"]
[EventRounds "9"]
[EventCountry "MEX"]
[SourceTitle "CB52_2023"]
[SourceDate "2023.12.27"]
[SourceVersion "1"]
[SourceVersionDate "2023.12.27"]
[SourceQuality "1"]

1. e4 e5 2. Nf3 Nc6 3. Nc3 Nf6 4. Bb5 Nd4 5. 0-0 c6 6. Bd3 Nxf3+ 7. Qxf3 Bd6 8. Be2 0-0 9. d3 Bc7 10. Qg3 d5 11. Kh1 Kh8 12. Bg5 d4 13. Nb1 h6 14. Bd2 Be6 15. Na3 Nd7 16. Bg4 Qe7 17. f4 Bxg4 18. Qxg4 exf4 19. Bxf4 Bxf4 20. Rxf4 Ne5 21. Qe2 a6 22. Nb1 b5 23. Nd2 c5 24. Qf2 Rac8 25. Rf1 f6 26. Nf3 Nxf3 27. Qxf3 c4 28. Qh5 cxd3 29. cxd3 Rfd8 30. Rf5 Rc2 31. e5 fxe5 32. Qg6 Qd6 33. Qg3 e4 34. R5f4 e3 35. h3 e2 36. Re1 g5 37. Rg4 Qxg3 38. Rxg3 Rf8 39. Kg1 Rd2 40. Rf3 Rxf3 41. gxf3 Rxb2 42. a3 Rd2 43. Kf2 Rxd3 44. Rxe2 Rxa3 45. Re6 Kg7 46. Rd6 d3 0-1

[Event "Carlos Torre Memorial op 33rd"]
[Site "Merida"]
[Date "2023.12.15"]
[Round "1"]
[White "Mendez Machado, Andre"]
[Black "Robles Sanchez, Fausto"]
[Result "1-0"]
[WhiteElo "2163"]
[BlackElo "1708"]
[PlyCount "61"]
[EventDate "2023.12.15"]
[EventType "swiss"]
[EventRounds "9"]
[EventCountry "MEX"]
[SourceTitle "CB52_2023"]
[SourceDate "2023.12.27"]
[SourceVersion "1"]
[SourceVersionDate "2023.12.27"]
[SourceQuality "1"]

1. e4 e6 2. d4 d5 3. Nd2 dxe4 4. Nxe4 Nf6 5. Nxf6+ Qxf6 6. Nf3 h6 7. Be3 Bd6 8. Qd2 Bd7 9. 0-0-0 Bc6 10. Ne5 Nd7 11. Nxc6 bxc6 12. g4 g5 13. Bg2 Rb8 14. Bxc6 Rb6 15. Ba4 Rb4 16. Bxd7+ Kxd7 17. c3 Ra4 18. b3 Ba3+ 19. Kc2 Ra5 20. Qd3 Bd6 21. a4 Rb8 22. Qe4 c6 23. Rde1 Bf4 24. h4 e5 25. hxg5 hxg5 26. dxe5 Rxe5 27. Qd4+ Kc8 28. Rd1 Qg6+ 29. Kb2 Rd5 30. Rh8+ Kc7 31. Qxa7+ 1-0

[Event "Iberoamerican-ch 9th"]
[Site "Panama City"]
[Date "2023.12.01"]
[Round "8"]
[White "Mendez Machado, Andre"]
[Black "Martins, Bruno Andre Leite"]
[Result "0-1"]
[WhiteElo "2096"]
[BlackElo "2323"]
[PlyCount "100"]
[EventDate "2023.11.25"]
[EventType "swiss"]
[EventRounds "9"]
[EventCountry "PAN"]
[SourceTitle "CB49_2023"]
[SourceDate "2023.12.06"]
[SourceVersion "1"]
[SourceVersionDate "2023.12.06"]
[SourceQuality "1"]

1. e4 c6 2. d4 d5 3. f3 dxe4 4. fxe4 e5 5. Nf3 Bg4 6. c3 Nd7 7. Bd3 Ngf6 8. 0-0 Bd6 9. Nbd2 b5 10. a4 a6 11. Qe1 0-0 12. axb5 axb5 13. Rxa8 Qxa8 14. Qh4 Re8 15. Ng5 Qa7 16. Kh1 Nf8 17. h3 Bh5 18. Ngf3 Ng6 19. Qf2 Bxf3 20. Nxf3 Qc7 21. Qc2 Nh5 22. Re1 h6 23. d5 cxd5 24. Bxb5 Rf8 25. Bd3 dxe4 26. Bxe4 f5 27. Bd5+ Kh8 28. Be3 Qe7 29. Bf2 e4 30. g4 Ng3+ 31. Kg1 Nf4 32. Bxg3 Nxd5 33. Nh4 Qa7+ 34. Bf2 e3 35. Ng6+ Kg8 36. Bh4 Rf7 37. Qd3 Qc5 38. gxf5 Nf4 39. Nxf4 Bxf4 40. Qe4 Rxf5 41. Kh1 Qf8 42. Rg1 g5 43. Be1 Qf7 44. h4 Re5 45. Qa8+ Kh7 46. Qf3 e2 47. Rg2 Re3 48. Qg4 h5 49. Qc8 g4 50. Kg1 Bh2+ 0-1

[Event "Panama op 4th"]
[Site "Panama City"]
[Date "2023.11.10"]
[Round "8"]
[White "Mendez Machado, Andre"]
[Black "Husbands, Orlando"]
[Result "1/2-1/2"]
[WhiteElo "2096"]
[BlackElo "2307"]
[PlyCount "37"]
[EventDate "2023.11.06"]
[EventType "swiss"]
[EventRounds "9"]
[EventCountry "PAN"]
[SourceTitle "CB46_2023"]
[SourceDate "2023.11.15"]
[SourceVersion "1"]
[SourceVersionDate "2023.11.15"]
[SourceQuality "1"]

1. e4 c5 2. Nc3 e6 3. d4 cxd4 4. Qxd4 Nc6 5. Qe3 Nf6 6. Nf3 Bb4 7. Bd2 d5 8. exd5 Nxd5 9. Nxd5 Qxd5 10. Bd3 Bxd2+ 11. Nxd2 0-0 12. 0-0 e5 13. Rfe1 Bg4 14. h3 Bh5 15. Be4 Qb5 16. Bxc6 Qxc6 17. Qxe5 Qxc2 18. Qxh5 Qxd2 19. Re2 1/2-1/2

[Event "Panama op 4th"]
[Site "Panama City"]
[Date "2023.11.08"]
[Round "5"]
[White "Mendez Machado, Andre"]
[Black "Mitkov, Nikola"]
[Result "1-0"]
[WhiteElo "2096"]
[BlackElo "2389"]
[PlyCount "87"]
[EventDate "2023.11.06"]
[EventType "swiss"]
[EventRounds "9"]
[EventCountry "PAN"]
[SourceTitle "CB46_2023"]
[SourceDate "2023.11.15"]
[SourceVersion "1"]
[SourceVersionDate "2023.11.15"]
[SourceQuality "1"]

1. e4 e5 2. Nf3 Nc6 3. Bc4 Nf6 4. Ng5 d5 5. exd5 Na5 6. Bb5+ c6 7. dxc6 bxc6 8. Bd3 Nd5 9. Nf3 Bd6 10. 0-0 0-0 11. Re1 f5 12. Nxe5 Qf6 13. Nf3 g5 14. g3 c5 15. c4 Ne7 16. Nc3 g4 17. Nh4 Nac6 18. Bf1 Nd4 19. Bg2 Rb8 20. d3 Bb7 21. Nb5 Bxg2 22. Nxd4 Ba8 23. Ne6 Rfe8 24. Bg5 Qf7 25. d4 cxd4 26. Qxd4 Bb4 27. Bxe7 Rxe7 28. Qe5 Bxe1 29. Qxb8+ Re8 30. Nd8 Qf6 31. Qxa8 Bxf2+ 32. Kg2 Rxd8 33. Qb7 Bb6 34. Rf1 f4 35. Qe4 f3+ 36. Kh1 h5 37. h3 Rd4 38. Qe8+ Kg7 39. Qxh5 Rxc4 40. Rd1 Rc7 41. Qxg4+ Kf7 42. Nxf3 Qxb2 43. Ng5+ Ke8 44. Qe6+ 1-0

[Event "Titled Tuesday intern op 24th Oct Late"]
[Site "Chess.com INT"]
[Date "2023.10.24"]
[Round "6"]
[White "Becerra, Juan David"]
[Black "Mendez Machado, Andre"]
[Result "0-1"]
[WhiteElo "2322"]
[BlackElo "2066"]
[PlyCount "50"]
[EventDate "2023.10.24"]
[EventType "swiss (blitz)"]
[EventRounds "11"]
[EventCountry "USA"]
[SourceTitle "Mega2024 Update 01"]
[Source "Chessbase"]
[SourceDate "2023.11.12"]
[SourceVersion "1"]
[SourceVersionDate "2023.11.12"]
[SourceQuality "1"]

1. d4 Nf6 2. Nc3 e6 3. Bf4 d5 4. Nf3 Bb4 5. e3 Ne4 6. Bd3 Nxc3 7. bxc3 Bxc3+ 8. Ke2 Bxa1 9. Qxa1 0-0 10. h4 b6 11. c3 Ba6 12. Qb1 Bxd3+ 13. Qxd3 Nd7 14. Be5 Nxe5 15. dxe5 f5 16. exf6 Qxf6 17. h5 Rad8 18. h6 g6 19. Rh4 e5 20. e4 dxe4 21. Qxe4 Qd6 22. Rh1 Qd5 23. Qc2 Qc4+ 24. Ke3 e4 25. Nd4 Rxd4 0-1

[Event "Titled Tuesday intern op 24th Oct Late"]
[Site "Chess.com INT"]
[Date "2023.10.24"]
[Round "3"]
[White "Mendez Machado, Andre"]
[Black "Jovic, Stanoje"]
[Result "0-1"]
[WhiteElo "2066"]
[BlackElo "2075"]
[PlyCount "43"]
[EventDate "2023.10.24"]
[EventType "swiss (blitz)"]
[EventRounds "11"]
[EventCountry "USA"]
[SourceTitle "Mega2024 Update 01"]
[Source "Chessbase"]
[SourceDate "2023.11.12"]
[SourceVersion "1"]
[SourceVersionDate "2023.11.12"]
[SourceQuality "1"]

1. e4 c6 2. d4 d5 3. f3 e6 4. Nc3 Bb4 5. Bd2 Nf6 6. e5 Nfd7 7. f4 c5 8. Nb5 Bxd2+ 9. Qxd2 0-0 10. Nf3 cxd4 11. Nfxd4 Nc6 12. c3 Nc5 13. Bd3 f6 14. Nxc6 bxc6 15. Nd6 fxe5 16. fxe5 Qh4+ 17. g3 Qh5 18. Qe2 Qxe5 19. Bxh7+ Kxh7 20. Qxe5 Nd3+ 21. Kd2 Nxe5 22. Rae1 0-1

[Event "Titled Tuesday intern op 24th Oct Late"]
[Site "Chess.com INT"]
[Date "2023.10.24"]
[Round "7"]
[White "Mendez Machado, Andre"]
[Black "Leiva Rodriguez, Jeammarco Giuseppe"]
[Result "0-1"]
[WhiteElo "2066"]
[BlackElo "2396"]
[PlyCount "116"]
[EventDate "2023.10.24"]
[EventType "swiss (blitz)"]
[EventRounds "11"]
[EventCountry "USA"]
[SourceTitle "Mega2024 Update 01"]
[Source "Chessbase"]
[SourceDate "2023.11.12"]
[SourceVersion "1"]
[SourceVersionDate "2023.11.12"]
[SourceQuality "1"]

1. e4 c5 2. Nc3 Nc6 3. Bb5 Nd4 4. Nf3 a6 5. Bd3 Nc6 6. 0-0 d6 7. Bc4 g6 8. d4 cxd4 9. Nxd4 Bd7 10. Kh1 Bg7 11. Nxc6 Bxc6 12. f4 Nf6 13. Qe2 b5 14. Bd5 Nxd5 15. Nxd5 0-0 16. c3 a5 17. Be3 e6 18. Bb6 Qd7 19. Nc7 Rab8 20. Bxa5 Rfc8 21. f5 Rxc7 22. Bxc7 Qxc7 23. Rad1 Be5 24. f6 Qb7 25. Qe3 Qc8 26. b3 Qd8 27. Qf3 Ra8 28. Rd2 Ra6 29. Rdf2 Qa8 30. Qe3 Bxe4 31. Kg1 d5 32. Qh6 Qf8 33. Qg5 Bxc3 34. Rc2 Bxc2 35. Rc1 Bd4+ 36. Kh1 Rc6 37. Qd2 Qc8 38. Qh6 Qf8 39. Qd2 e5 40. Rxc2 Rxc2 41. Qxc2 e4 42. Qd1 Bxf6 43. Qxd5 Qd8 44. Qxd8+ Bxd8 45. Kg1 f5 46. Kf2 Kf7 47. Ke3 Bb6+ 48. Ke2 Ke6 49. a4 Kd5 50. axb5 Ba5 51. h3 Bb6 52. g4 f4 53. g5 f3+ 54. Kf1 e3 55. Ke1 e2 56. h4 Ke4 57. h5 Ke3 58. b4 f2# 0-1

[Event "Titled Tuesday intern op 24th Oct Late"]
[Site "Chess.com INT"]
[Date "2023.10.24"]
[Round "1"]
[White "Pinheiro, Iung Alicio"]
[Black "Mendez Machado, Andre"]
[Result "1/2-1/2"]
[WhiteElo "2306"]
[BlackElo "2066"]
[PlyCount "57"]
[EventDate "2023.10.24"]
[EventType "swiss (blitz)"]
[EventRounds "11"]
[EventCountry "USA"]
[SourceTitle "Mega2024 Update 01"]
[Source "Chessbase"]
[SourceDate "2023.11.12"]
[SourceVersion "1"]
[SourceVersionDate "2023.11.12"]
[SourceQuality "1"]

1. d4 Nf6 2. Nf3 e6 3. Bg5 d5 4. Nbd2 Be7 5. e3 0-0 6. Bd3 h6 7. h4 b6 8. Ne5 Bb7 9. Qf3 Nbd7 10. Rh3 Nxe5 11. dxe5 Ne4 12. Bxh6 gxh6 13. 0-0-0 f5 14. exf6 Bxf6 15. Qg4+ Kh8 16. Nxe4 dxe4 17. Bxe4 Qc8 18. Bxb7 Qxb7 19. Qxe6 Qxg2 20. Rg3 Qxf2 21. Rdg1 Rad8 22. a3 Qd2+ 23. Kb1 Qd5 24. Rg8+ Rxg8 25. Qxf6+ Kh7 26. Qe7+ Kh8 27. Qf6+ Kh7 28. Qe7+ Kh8 29. Qf6+ 1/2-1/2

[Event "Wch U20 60th"]
[Site "Mexico City"]
[Date "2023.10.01"]
[Round "11"]
[White "Santos, Jose Guilherme B Li"]
[Black "Mendez Machado, Andre"]
[Result "0-1"]
[WhiteElo "2392"]
[BlackElo "2066"]
[PlyCount "100"]
[EventDate "2023.09.21"]
[EventType "swiss"]
[EventRounds "11"]
[EventCountry "MEX"]
[SourceTitle "EXT 2024"]
[Source "ChessBase"]
[SourceDate "2023.10.10"]
[SourceVersion "1"]
[SourceVersionDate "2023.10.10"]
[SourceQuality "1"]

1. e4 e5 2. Nf3 Nc6 3. Bb5 a6 4. Ba4 Nf6 5. 0-0 b5 6. Bb3 Bc5 7. a4 Bb7 8. d3 0-0 9. Nc3 b4 10. Nd5 Nxd5 11. Bxd5 d6 12. c3 Qc8 13. d4 exd4 14. cxd4 Bb6 15. Qd2 a5 16. Re1 Ne7 17. Bxb7 Qxb7 18. Qg5 Rae8 19. Qh5 Ng6 20. Qf5 Re7 21. h4 Rfe8 22. h5 Nf8 23. d5 Qc8 24. Qf4 h6 25. Nh4 Re5 26. Bd2 Rxh5 27. Nf5 Rg5 28. Qh4 Rg6 29. Be3 Bxe3 30. Rxe3 Rg5 31. Qh3 Ng6 32. Rf1 Kh8 33. Qh2 Qd8 34. Rc1 Ne5 35. f3 Nd7 36. Rce1 Kg8 37. f4 Rxf5 38. exf5 Rxe3 39. Rxe3 Qf6 40. Re8+ Kh7 41. Qh3 Qxb2 42. Kh2 Nf6 43. Re7 Qd4 44. Rxc7 Qxf4+ 45. Qg3 Qxg3+ 46. Kxg3 Nxd5 47. Rb7 Nc3 48. Ra7 d5 49. Kf4 d4 50. Rxf7 b3 0-1

[Event "Wch U20 60th"]
[Site "Mexico City"]
[Date "2023.09.30"]
[Round "10"]
[White "Beukes, Dante M"]
[Black "Mendez Machado, Andre"]
[Result "1-0"]
[WhiteElo "2239"]
[BlackElo "2066"]
[PlyCount "123"]
[EventDate "2023.09.21"]
[EventType "swiss"]
[EventRounds "11"]
[EventCountry "MEX"]
[SourceTitle "EXT 2024"]
[Source "ChessBase"]
[SourceDate "2023.10.10"]
[SourceVersion "1"]
[SourceVersionDate "2023.10.10"]
[SourceQuality "1"]

1. e4 e5 2. Nf3 Nc6 3. Bb5 a6 4. Ba4 Nf6 5. 0-0 b5 6. Bb3 Bb7 7. d3 Bc5 8. Nc3 d6 9. a3 h6 10. Ne2 0-0 11. Ng3 Ne7 12. Nh4 d5 13. Qf3 Ng6 14. Nhf5 Kh7 15. h4 Ne8 16. h5 Ne7 17. Nxe7 Bxe7 18. exd5 f5 19. Re1 f4 20. Ne4 Kh8 21. c4 Nf6 22. Nxf6 Bxf6 23. Bc2 Rf7 24. Qe4 Qg8 25. Bd1 Re7 26. Bd2 a5 27. Bc3 Qe8 28. Bf3 Ra6 29. Qe2 Qa8 30. Be4 Rd6 31. Qg4 c6 32. Qg6 Qg8 33. dxc6 Bxc6 34. Bxc6 Rxc6 35. cxb5 Rc5 36. a4 Rd5 37. Qe4 Red7 38. Rad1 Qf7 39. Qf3 Qf8 40. Re4 Qd8 41. Rc4 Rxd3 42. Rxd3 Rxd3 43. Rc8 Qxc8 44. Qxd3 Qc5 45. Qe4 Bh4 46. Be1 Bd8 47. Kh2 Bb6 48. Qa8+ Kh7 49. Qe4+ Kh8 50. b3 Qe7 51. Kg1 Qd6 52. Qc6 Qd4 53. Qc3 Qe4 54. b4 Bd4 55. Qd2 axb4 56. Qxb4 f3 57. gxf3 Qxf3 58. Qc4 Qg4+ 59. Kf1 Qh3+ 60. Kg1 Qg4+ 61. Kf1 Qh3+ 62. Kg1 1-0

[Event "Wch U20 60th"]
[Site "Mexico City"]
[Date "2023.09.28"]
[Round "7"]
[White "Mendez Machado, Andre"]
[Black "Defromont, Benjamin"]
[Result "0-1"]
[WhiteElo "2066"]
[BlackElo "2418"]
[PlyCount "50"]
[EventDate "2023.09.21"]
[EventType "swiss"]
[EventRounds "11"]
[EventCountry "MEX"]
[SourceTitle "EXT 2024"]
[Source "ChessBase"]
[SourceDate "2023.10.10"]
[SourceVersion "1"]
[SourceVersionDate "2023.10.10"]
[SourceQuality "1"]

1. e4 e5 2. Nf3 Nc6 3. Bc4 Nf6 4. Ng5 d5 5. exd5 Na5 6. Bb5+ c6 7. dxc6 bxc6 8. Bd3 Nd5 9. Nf3 Bd6 10. 0-0 0-0 11. Re1 Bg4 12. Be2 e4 13. Nd4 Bd7 14. d3 f5 15. g3 Qf6 16. c4 f4 17. Kh1 fxg3 18. fxg3 Qxd4 19. cxd5 Rf2 20. Bf1 Raf8 21. Nd2 exd3 22. Bg2 Rxg2 23. Kxg2 Rf2+ 24. Kh1 Rxh2+ 25. Kxh2 Qh4+ 0-1

[Event "Titled Tuesday intern op 25th Jul Late"]
[Site "Chess.com INT"]
[Date "2023.07.25"]
[Round "9"]
[White "Estrada Nieto, Julian"]
[Black "Mendez Machado, Andre"]
[Result "0-1"]
[WhiteElo "2217"]
[BlackElo "2074"]
[PlyCount "128"]
[EventDate "2023.07.25"]
[EventType "swiss (blitz)"]
[EventRounds "11"]
[EventCountry "USA"]
[SourceTitle "EXT 2024"]
[Source "ChessBase"]
[SourceDate "2023.10.10"]
[SourceVersion "1"]
[SourceVersionDate "2023.10.10"]
[SourceQuality "1"]

1. e4 e5 2. Nf3 Nc6 3. Bb5 a6 4. Ba4 Nf6 5. 0-0 b5 6. Bb3 Bb7 7. d3 Bc5 8. c3 Bb6 9. Be3 0-0 10. Nbd2 d5 11. Bxb6 cxb6 12. Re1 d4 13. cxd4 exd4 14. e5 Nd5 15. Ne4 Nf4 16. Nd6 Bc8 17. Rc1 Nb4 18. Nxf7 Rxf7 19. Bxf7+ Kxf7 20. Qb3+ Nbd5 21. Nxd4 Be6 22. g3 Qg5 23. Nxe6 Kxe6 24. Rc6+ Kf7 25. Rd6 Rd8 26. Rxd8 Nh3+ 27. Kf1 Qxd8 28. Kg2 Ng5 29. f4 Ne6 30. f5 Nd4 31. e6+ Ke7 32. Qd1 Qa8 33. Re4 Nf6 34. Kg1 Nxe4 35. dxe4 Qxe4 36. Qh5 Qe1+ 37. Kg2 Qe2+ 38. Qxe2 Nxe2 39. Kf3 Nd4+ 40. Ke4 Nc6 41. Kd5 Nd8 42. g4 g6 43. h4 gxf5 44. gxf5 h5 45. b4 a5 46. a3 Nb7 47. Kc6 Nd6 48. Kxb6 axb4 49. axb4 Nxf5 50. Kxb5 Kxe6 51. Kc6 Nxh4 52. Kc7 Nf5 53. b5 Nd6 54. b6 h4 55. b7 Nxb7 56. Kxb7 h3 57. Kc6 h2 58. Kc5 h1Q 59. Kd4 Qd5+ 60. Ke3 Qc4 61. Kd2 Qb3 62. Kc1 Qa2 63. Kd1 Kd5 64. Ke1 Kd4 0-1

[Event "Titled Tuesday intern op 25th Jul Late"]
[Site "Chess.com INT"]
[Date "2023.07.25"]
[Round "7"]
[White "Mendez Machado, Andre"]
[Black "Bueno, Alfeu Varela Jr"]
[Result "0-1"]
[WhiteElo "2074"]
[BlackElo "2135"]
[PlyCount "102"]
[EventDate "2023.07.25"]
[EventType "swiss (blitz)"]
[EventRounds "11"]
[EventCountry "USA"]
[SourceTitle "EXT 2024"]
[Source "ChessBase"]
[SourceDate "2023.10.10"]
[SourceVersion "1"]
[SourceVersionDate "2023.10.10"]
[SourceQuality "1"]

1. e4 e6 2. d4 d5 3. Nd2 Nf6 4. e5 Nfd7 5. Ngf3 c5 6. c3 Nc6 7. Bd3 cxd4 8. cxd4 f6 9. 0-0 fxe5 10. Nxe5 Ndxe5 11. dxe5 Nxe5 12. Qh5+ Nf7 13. Re1 g6 14. Bb5+ Bd7 15. Qxd5 Bd6 16. Qxe6+ Be7 17. Nf3 Bxb5 18. Bg5 0-0 19. Bxe7 Qa5 20. Bxf8 Rxf8 21. Ng5 Bc6 22. Nxf7 Rxf7 23. Rad1 Qg5 24. f3 Bxf3 25. Qe8+ Kg7 26. Rd2 Qxd2 27. Qe5+ Kh6 28. gxf3 Rxf3 29. Re2 Qd1+ 30. Re1 Qd2 31. Re2 Qc1+ 32. Re1 Qc2 33. Re2 Qf5 34. Qxf5 Rxf5 35. Kg2 Rb5 36. b3 Kg5 37. Re7 h5 38. Rd7 h4 39. Rd4 Re5 40. h3 Re2+ 41. Kf3 Rxa2 42. Rg4+ Kh5 43. Rb4 b6 44. Rb5+ g5 45. Ke4 Rh2 46. Kd5 Rxh3 47. Kc6 Rh2 48. Kb7 Ra2 49. Rd5 h3 50. Rd3 h2 51. Kc6 h1Q+ 0-1

[Event "Titled Tuesday intern op 25th Jul Late"]
[Site "Chess.com INT"]
[Date "2023.07.25"]
[Round "8"]
[White "Mendez Machado, Andre"]
[Black "Sroczynski, Maciej"]
[Result "1-0"]
[WhiteElo "2074"]
[BlackElo "2271"]
[PlyCount "65"]
[EventDate "2023.07.25"]
[EventType "swiss (blitz)"]
[EventRounds "11"]
[EventCountry "USA"]
[SourceTitle "EXT 2024"]
[Source "ChessBase"]
[SourceDate "2023.10.10"]
[SourceVersion "1"]
[SourceVersionDate "2023.10.10"]
[SourceQuality "1"]

1. e4 c5 2. Nc3 e6 3. d4 cxd4 4. Qxd4 Nc6 5. Qe3 a6 6. Qg3 d6 7. Bd3 Nb4 8. Nge2 g6 9. 0-0 Bg7 10. f4 Nxd3 11. cxd3 Ne7 12. Be3 0-0 13. d4 d5 14. e5 Nf5 15. Qf2 Nxe3 16. Qxe3 b5 17. b4 Bd7 18. a4 Qb6 19. a5 Qa7 20. g4 Rac8 21. f5 exf5 22. gxf5 Bxf5 23. Nxd5 Rfe8 24. Rac1 Rxe5 25. dxe5 Qa8 26. Rxc8+ Bxc8 27. Ne7+ Kf8 28. Qc5 Be6 29. Nd4 Bc4 30. Rf2 Qe4 31. Nxg6+ Kg8 32. Qc8+ Bf8 33. Qxf8# 1-0

[Event "Titled Tuesday intern op 25th Jul Late"]
[Site "Chess.com INT"]
[Date "2023.07.25"]
[Round "10"]
[White "Mendez Machado, Andre"]
[Black "Vega Gutierrez, Sabrina Neide"]
[Result "0-1"]
[WhiteElo "2074"]
[BlackElo "2377"]
[PlyCount "42"]
[EventDate "2023.07.25"]
[EventType "swiss (blitz)"]
[EventRounds "11"]
[EventCountry "USA"]
[SourceTitle "EXT 2024"]
[Source "ChessBase"]
[SourceDate "2023.10.10"]
[SourceVersion "1"]
[SourceVersionDate "2023.10.10"]
[SourceQuality "1"]

1. e4 c5 2. Nc3 Nc6 3. Bb5 Nd4 4. Nf3 a6 5. Bd3 Nc6 6. 0-0 e6 7. Nd5 d6 8. Ne3 Nf6 9. c3 Be7 10. Bc2 0-0 11. d4 cxd4 12. cxd4 d5 13. e5 Ne4 14. Nd2 Nxd2 15. Qxd2 Qb6 16. Qd3 g6 17. Ng4 Qxd4 18. Qh3 Nxe5 19. Nh6+ Kh8 20. Be3 Qh4 21. Bd4 Qxd4 0-1

[Event "Titled Tuesday intern op 04th Jul Late"]
[Site "Chess.com INT"]
[Date "2023.07.04"]
[Round "8"]
[White "Mendez Machado, Andre"]
[Black "Papp, Bence"]
[Result "1-0"]
[WhiteElo "2074"]
[BlackElo "2276"]
[PlyCount "53"]
[EventDate "2023.07.04"]
[EventType "swiss (blitz)"]
[EventRounds "11"]
[EventCountry "USA"]
[SourceTitle "EXT 2024"]
[Source "ChessBase"]
[SourceDate "2023.10.10"]
[SourceVersion "1"]
[SourceVersionDate "2023.10.10"]
[SourceQuality "1"]

1. e4 e6 2. d4 d5 3. Nd2 c5 4. exd5 Qxd5 5. Ngf3 cxd4 6. Bc4 Qd7 7. 0-0 Nc6 8. Re1 Nf6 9. Nb3 Bd6 10. Bg5 0-0 11. Bxf6 gxf6 12. Nfxd4 Nxd4 13. Nxd4 Be5 14. Qg4+ Kh8 15. Rad1 Qc7 16. Nf3 Rg8 17. Qh4 Bxb2 18. c3 Bxc3 19. Rc1 Qa5 20. Re3 Bb2 21. Rb1 Rd8 22. h3 Be5 23. Nxe5 fxe5 24. Qf6+ Kg8 25. Rg3+ Kf8 26. Rg7 Rd7 27. Rxh7 1-0

[Event "Titled Tuesday intern op 04th Jul Late"]
[Site "Chess.com INT"]
[Date "2023.07.04"]
[Round "6"]
[White "Sailer, Mike L"]
[Black "Mendez Machado, Andre"]
[Result "1/2-1/2"]
[WhiteElo "2109"]
[BlackElo "2074"]
[PlyCount "137"]
[EventDate "2023.07.04"]
[EventType "swiss (blitz)"]
[EventRounds "11"]
[EventCountry "USA"]
[SourceTitle "EXT 2024"]
[Source "ChessBase"]
[SourceDate "2023.10.10"]
[SourceVersion "1"]
[SourceVersionDate "2023.10.10"]
[SourceQuality "1"]

1. d4 Nf6 2. Nc3 d5 3. Bf4 e6 4. Nb5 Na6 5. e3 Be7 6. Nf3 0-0 7. Be2 c5 8. h3 Ne4 9. 0-0 c4 10. a4 Bd7 11. Ne5 Bxb5 12. axb5 Nc7 13. b6 axb6 14. Rxa8 Nxa8 15. Qa1 Nd6 16. Qa7 b5 17. Ra1 Nb6 18. f3 Na4 19. b3 Nc3 20. Bf1 g5 21. Bg3 Nf5 22. Bf2 Qc8 23. g4 Nd6 24. Be1 b4 25. bxc4 dxc4 26. Bxc3 bxc3 27. Ra5 f5 28. Rc5 Qd8 29. Bxc4 Nxc4 30. Rxc4 fxg4 31. hxg4 Bd6 32. Qxb7 Bxe5 33. dxe5 Qd1+ 34. Kg2 Qe2+ 35. Kg3 Qxc4 36. Qe7 h6 37. f4 Qe4 38. f5 Qxe5+ 39. Kh3 Qxe3+ 40. Kh2 Qd2+ 41. Kh3 exf5 42. Qe6+ Kg7 43. Qe7+ Rf7 44. Qe5+ Kf8 45. Qc5+ Ke8 46. Qc8+ Qd8 47. Qe6+ Re7 48. Qg8+ Kd7 49. Qd5+ Kc8 50. Qc6+ Rc7 51. Qa8+ Kd7 52. Qd5+ Ke7 53. Qe5+ Kf8 54. Qh8+ Ke7 55. Qe5+ Kd7 56. Qxf5+ Kc6 57. Qe4+ Qd5 58. Qe8+ Kb6 59. Qb8+ Qb7 60. Qd8 Qf3+ 61. Kh2 Qxg4 62. Qd6+ Kb7 63. Qd5+ Kc8 64. Qa8+ Kd7 65. Qd5+ Ke7 66. Qe5+ Kd7 67. Qd5+ Kc8 68. Qa8+ Kd7 69. Qd5+ 1/2-1/2